| 000 | 00399nam a2200169Ia 4500 | ||
|---|---|---|---|
| 008 | 170705s9999 xx 000 0 und d | ||
| 020 | _a9780590974097 | ||
| 245 | _aSarah, plain and tall / | ||
| 245 | _cPatricia MacLachlan. | ||
| 260 | _aNew York : | ||
| 260 | _bScholastic, | ||
| 260 | _c1985 | ||
| 300 | _a94 pages : | ||
| 300 | _bcolor illustration ; | ||
| 300 | _c19cm. | ||
| 500 | _a560 | ||
| 999 |
_c335960 _d335960 |
||